Statistics for Countries that are total monarchies

Click here to take the quiz!

General Stats

  • This quiz has been taken 36 times
  • The average score is 30 of 44

Answer Stats

Country% Correct
United Kingdom
97%
Sweden
88%
Belgium
84%
Luxembourg
84%
Norway
84%
Saudi Arabia
84%
Spain
84%
Liechtenstein
81%
Netherlands
81%
Oman
81%
Thailand
81%
United Arab Emirates
81%
Denmark
78%
Japan
78%
Andorra
75%
Bahrain
72%
Qatar
72%
Vatican City
72%
Eswatini
69%
Jordan
69%
Kuwait
69%
Monaco
69%
Morocco
69%
Australia
66%
Brunei
66%
Antigua and Barbuda
63%
Bhutan
63%
Malaysia
63%
New Zealand
63%
Saint Lucia
63%
Tonga
63%
Tuvalu
63%
Canada
59%
Lesotho
59%
Saint Vincent and the Grenadines
59%
Barbados
56%
Cambodia
56%
Saint Kitts and Nevis
56%
Bahamas
53%
Belize
53%
Grenada
53%
Solomon Islands
53%
Jamaica
47%
Papua New Guinea
38%

Score Distribution

Percentile by Number Answered

Percent of People with Each Score

Your Score History

You have not taken this quiz